José Luis Alonso, historia de la dirección escénica en España (Record no. 197105)

MARC details
000 -LEADER
campo de control de longitud fija 01550nam a2200409 i 4500
001 - NÚMERO DE CONTROL
campo de control 197105
003 - IDENTIFICADOR DE NÚMERO DE CONTROL
campo de control ES-MaACL
005 - FECHA Y HORA DE LA ÚLTIMA TRANSACCIÓN
campo de control 20250821063123.0
008 - DATOS DE LONGITUD FIJA--INFORMACIÓN GENERAL
campo de control de longitud fija 250509s2013 sp | |||| 000 0 spa
015 ## - NÚMERO DE BIBLIOGRAFÍA NACIONAL
Número de bibliografía nacional MON13
017 ## - NÚMERO DE COPYRIGHT O DE DEPÓSITO LEGAL
Número de copyright o de depósito legal M 14038-2013
Agencia que asigna Oficina Depósito Legal Madrid
020 ## - NÚMERO INTERNACIONAL ESTÁNDAR DEL LIBRO
Número Internacional Estándar del Libro 9788424512781
035 ## - NÚMERO DE CONTROL DEL SISTEMA
Número de control de sistema (OCoLC)864294563
035 ## - NÚMERO DE CONTROL DEL SISTEMA
Número de control de sistema (SpMaBN)a5380269
040 ## - FUENTE DE CATALOGACIÓN
Centro catalogador/agencia de origen SpMaBN
Lengua de catalogación spa
Centro/agencia transcriptor SpMaBN
Normas de descripción rdc
080 ## - NÚMERO DE LA CLASIFICACIÓN DECIMAL UNIVERSAL
Número de la Clasificación Decimal Universal 792 Alonso, José Luis
100 1# - ENTRADA PRINCIPAL--NOMBRE DE PERSONA
Nombre de persona Quirós Alpera, Gabriel
9 (RLIN) 240011
Término indicativo de función/relación Autor
245 10 - MENCIÓN DEL TÍTULO
Título José Luis Alonso, historia de la dirección escénica en España
250 ## - MENCION DE EDICION
Mención de edición Primera edición 2013
260 ## - PUBLICACIÓN, DISTRIBUCIÓN, ETC.
Lugar de publicación, distribución, etc. Madrid :
Nombre del editor, distribuidor, etc. Fundamentos,
Fecha de publicación, distribución, etc. 2013.
300 ## - DESCRIPCIÓN FÍSICA
Extensión 222 páginas ;
Dimensiones 24 cm.
336 ## - TIPO DE CONTENIDO
Término de tipo de contenido Texto (visual)
Fuente isbdcontent
337 ## - TIPO DE MEDIO
Nombre/término del tipo de medio sin mediación
Fuente isbdmedia
338 ## - TIPO DE SOPORTE
Fuente rdacarrier
Nombre/término del tipo de soporte volumen
490 1# - MENCIÓN DE SERIE
Mención de serie Colección arte ;
Designación de volumen o secuencia 197
500 ## - NOTA GENERAL
Nota general Incluye apéndice documental
504 ## - NOTA DE BIBLIOGRAFÍA, ETC.
Nota de bibliografía, etc. Bibliografía: páginas [175]-188
600 #0 - PUNTO DE ACCESO ADICIONAL DE MATERIA--NOMBRE DE PERSONA
Nombre de persona Alonso Mañes, José Luis,
Fechas asociadas al nombre 1924-1990
9 (RLIN) 240012
610 04 - PUNTO DE ACCESO ADICIONAL DE MATERIA--NOMBRE DE ENTIDAD CORPORATIVA
9 (RLIN) 6922
Nombre de entidad corporativa o nombre de jurisdicción como elemento de entrada Teatro María Guerrero (Madrid)
650 #4 - PUNTO DE ACCESO ADICIONAL DE MATERIA--TÉRMINO DE MATERIA
9 (RLIN) 17356
Término de materia o nombre geográfico como elemento de entrada Teatro español-
Subdivisión cronológica S.XX
852 ## - LOCALIZACIÓN
Ubicación ES-MaACL
Ubicación en estantería Depósito J
Número de control de estantería N-10469
Anotaciones manuscritas Dedicatoria autógrafa de Gabriel Quirós Alpera
Donativo/Legado Donación: Gabriel Quirós Alpera
Encuadernación Encuadernación rústica
itemnumber 206592
903 ## - NOMBRE PERSONAL DE DONANTE
9 240011
a Quirós Alpera, Gabriel
e Donante
942 ## - ELEMENTOS DE ENTRADA SECUNDARIOS (KOHA)
Tipo de ítem Koha Libro impreso
Suprimir en OPAC No
Holdings
Estatus retirado Estado de pérdida Fuente del sistema de clasificación o colocación Estado de daño No para préstamo Colección Biblioteca de origen Biblioteca actual Ubicación en estantería Fecha de adquisición Fuente de adquisición Total de préstamos Signatura topográfica completa Código de barras Visto por última vez Precio de reemplazo Tipo de ítem Koha
    Clasificación decimal universal     Libros con dedicatorias Biblioteca del Ateneo de Madrid Biblioteca del Ateneo de Madrid Depósito J 19/08/2025 Donación   N-10469 2025-0968 19/08/2025 19/08/2025 Libro impreso